La Solidaridad orgánica en la fase de modernización reflexiva /
Đã lưu trong:
| Tác giả chính: | |
|---|---|
| Định dạng: | Texto |
| Những chủ đề: | |
| Các nhãn: |
Thêm thẻ
Không có thẻ, Là người đầu tiên thẻ bản ghi này!
|
MARC
| LEADER | 00000 a a2200000 04500 | ||
|---|---|---|---|
| 001 | 18954 | ||
| 003 | |||
| 040 | |||
| 100 | |a Andersen, John | ||
| 245 | |a La Solidaridad orgánica en la fase de modernización reflexiva / |c John Andersen | ||
| 650 | |a ESTRATIFICACION SOCIAL | ||
| 650 | |a MOVILIDAD SOCIAL | ||
| 650 | |a ANALISIS SOCIOLOGICO | ||
| 650 | |a MARXISMO | ||
| 650 | |a CAMBIO SOCIAL | ||
| 650 | |a SOCIOLOGIA | ||
| 650 | |a TEORIA SOCIAL | ||
| 650 | |a CONF | ||
| 773 | |g número 82 -83; páginas 203-210 | ||
| 999 | |c 34429 |d 34429 | ||
